000 00775nam a2200229 a 4500
005 20160118053739.0
008 140313b2002 ne a gr|||| 00| 0 enb d
040 _aCO-BoIAVH
_cCO-BoIAVH
041 _aeng
082 4 _a333.951609462
_bD87b
090 _aLB
_b03752
100 1 _aDuinhoven, Geert
_921337
245 1 _aBiodiversity and the Netherlands
_cMinistry of Agriculture, Nature Management and Fisheries
260 _aWageningen
_bNational Reference Centre for Agriculture, Nature and Fisheries Management
_c2002
300 _a32 paginas.
_bilustraciones;
_c26 x 23 cm.
650 4 _aBiodiversidad
_zHolanda
_952204
650 4 _aConservacion
_952205
650 4 _aPolitica
_952206
700 1 _aBleumink, Hans
_921339
942 _cLIBRO
_2ddc
945 _d2004-08-13
999 _c4052
_d4052